[Event "GER-chT Betriebe 17th"]
[Site "Berlin"]
[Date "2017.11.04"]
[Round "6.4"]
[White "Bockelmann, Rolf"]
[Black "Mahler, Sonja"]
[Result "1-0"]
[WhiteElo "1662"]
[BlackElo "1558"]
[PlyCount "91"]
[EventDate "2017.11.02"]
[EventType "team-swiss"]
[EventRounds "7"]
[EventCountry "GER"]
[SourceTitle "EXT 2020"]
[Source "ChessBase"]
[SourceDate "2019.10.17"]
[SourceVersion "1"]
[SourceVersionDate "2019.10.17"]
[SourceQuality "1"]
[WhiteTeam "Hamburg Baubehoerde II"]
[BlackTeam "Berlin Tempelhof IV"]
[WhiteTeamCountry "GER"]
[BlackTeamCountry "GER"]

1. e4 e5 2. Nf3 d6 3. h3 Nf6 4. d4 exd4 5. Qxd4 h6 6. Nc3 c6 7. Be2 b5 8. a3 Qa5 9. 0-0 Be7 10. Bd2 Qc7 11. Bf4 Nh5 12. Bh2 Be6 13. e5 d5 14. Nd2 g6 15. Bg4 Ng7 16. b4 a5 17. Nb3 Nd7 18. Nxa5 Rxa5 19. bxa5 Qxa5 20. Qd2 Bg5 21. f4 Be7 22. Ne4 Qb6+ 23. Nf2 h5 24. Bxe6 Nxe6 25. Kh1 Ng7 26. Bg1 Qc7 27. Qc3 Nf5 28. e6 Nf6 29. exf7+ Kxf7 30. Bh2 Bd6 31. Nd3 h4 32. Ne5+ Kg7 33. Ng4 d4 34. Qf3 Nxg4 35. Qxg4 Ne3 36. Qf3 Rf8 37. Rf2 g5 38. Qe4 c5 39. c3 Nf5 40. cxd4 cxd4 41. Rc2 Qb8 42. Rc6 Ng3+ 43. Bxg3 hxg3 44. Qxd4+ Kg8 45. Qxd6 Qe8 46. Qg6+ 1-0

[Event "GER-chT Betriebe 14th"]
[Site "Dresden"]
[Date "2014.11.21"]
[Round "3.2"]
[White "Laijh, Anton"]
[Black "Bockelmann, Rolf"]
[Result "1-0"]
[WhiteElo "1530"]
[BlackElo "1709"]
[PlyCount "157"]
[EventDate "2014.11.20"]
[EventType "team-swiss"]
[EventRounds "7"]
[EventCountry "GER"]
[SourceTitle "EXT 2020"]
[Source "ChessBase"]
[SourceDate "2019.10.17"]
[SourceVersion "1"]
[SourceVersionDate "2019.10.17"]
[SourceQuality "1"]
[WhiteTeam "Muenchen ADAC II"]
[BlackTeam "Berlin Tempelhof II"]
[WhiteTeamCountry "GER"]
[BlackTeamCountry "GER"]

1. e4 e5 2. Nf3 Nc6 3. Bc4 Nf6 4. d3 h6 5. a3 Bc5 6. h3 0-0 7. 0-0 d5 8. exd5 Nxd5 9. Bxd5 Qxd5 10. Nc3 Qd8 11. Be3 Bd4 12. Bxd4 exd4 13. Ne4 Re8 14. Qd2 Re6 15. Rae1 Rg6 16. Ng3 Be6 17. Ne5 Nxe5 18. Rxe5 Qd6 19. Rfe1 b6 20. Kf1 c5 21. Qf4 Rd8 22. Qe4 Bd5 23. Re8+ Rxe8 24. Qxe8+ Kh7 25. Qe7 Qf4 26. Qe5 Qg5 27. Qxg5 Rxg5 28. Re7 a5 29. Ne4 Rg6 30. g3 Ba2 31. Nd2 Bd5 32. h4 h5 33. Re5 Be6 34. Rxh5+ Kg8 35. Re5 Kh7 36. Nf3 Bh3+ 37. Ke1 Bd7 38. Re7 Re6+ 39. Rxe6 fxe6 40. Ne5 Be8 41. f4 g6 42. Nc4 b5 43. Nxa5 Kh6 44. Nb3 c4 45. Nxd4 cxd3 46. cxd3 Bd7 47. Kf2 Kg7 48. Kf3 Kf6 49. g4 e5 50. g5+ Ke7 51. fxe5 Kd8 52. e6 Be8 53. Kf4 Ke7 54. Ke5 b4 55. axb4 Ba4 56. b3 Be8 57. b5 Kd8 58. Kd6 Kc8 59. e7 Kb7 60. b4 Kb6 61. Ke6 Kc7 62. Kf6 Kd6 63. Nc6 Kc7 64. Kg7 Kb6 65. Kf8 Kxb5 66. Kxe8 Kxc6 67. Kd8 Kb5 68. e8Q+ Kxb4 69. Qe4+ Kc5 70. Qc4+ Kd6 71. Qf7 Ke5 72. Qxg6 Kd4 73. Qe4+ Kc5 74. g6 Kd6 75. g7 Kc5 76. g8Q Kb6 77. Qe5 Kb7 78. Qge6 Ka7 79. Qc7+ 1-0

[Event "GER-ch Seniors 22nd"]
[Site "Berlin"]
[Date "2010.08.23"]
[Round "8"]
[White "Bockelmann, Rolf"]
[Black "Neumann, Horst"]
[Result "0-1"]
[WhiteElo "1647"]
[BlackElo "1852"]
[PlyCount "41"]
[EventDate "2010.08.16"]
[EventType "swiss"]
[EventRounds "9"]
[EventCountry "GER"]
[SourceTitle "CBM 138 Extra"]
[Source "ChessBase"]
[SourceDate "2010.10.29"]
[SourceVersion "1"]
[SourceVersionDate "2010.10.29"]
[SourceQuality "1"]

1. e4 c6 2. c4 d6 3. d4 g6 4. Nc3 Bg7 5. f4 Nd7 6. Nf3 c5 7. e5 cxd4 8. Nd5 dxe5 9. fxe5 e6 10. Bg5 f6 11. exf6 Bxf6 12. Qe2 Kf7 13. Bxf6 Ndxf6 14. Ng5+ Kg7 15. Nxe6+ Bxe6 16. Qxe6 Nxd5 17. Qxd5 Qe7+ 18. Be2 Rd8 19. Qa5 d3 20. 0-0-0 Qxe2 21. Qxd8 0-1

[Event "Berlin Lichtenberger op 8th"]
[Site "Berlin"]
[Date "2009.08.23"]
[Round "9"]
[White "Kuechler, Felix"]
[Black "Bockelmann, Rolf"]
[Result "0-1"]
[WhiteElo "1714"]
[BlackElo "1824"]
[PlyCount "62"]
[EventDate "2009.08.15"]
[EventType "swiss"]
[EventRounds "9"]
[EventCountry "GER"]
[SourceTitle "CBM 131 Extra"]
[Source "ChessBase"]
[SourceDate "2009.09.03"]
[SourceVersion "2"]
[SourceVersionDate "2009.09.16"]
[SourceQuality "1"]

1. e4 e5 2. Nf3 Nc6 3. d4 exd4 4. Bc4 Be7 5. 0-0 Nf6 6. e5 Ng4 7. Re1 d5 8. exd6 Qxd6 9. h3 Nf6 10. Bg5 0-0 11. Nbd2 Be6 12. Bxf6 Bxf6 13. Ne4 Qd8 14. Bxe6 fxe6 15. Nc5 e5 16. Ne6 Qd6 17. Nxf8 Rxf8 18. Qe2 h6 19. Rad1 Re8 20. c3 Qf8 21. cxd4 e4 22. Qe3 Kh8 23. d5 Nb4 24. Rd2 Re7 25. Nd4 Bg5 26. Qb3 Bxd2 27. Rd1 e3 28. Nf3 exf2+ 29. Kxf2 Re3 30. Qc4 Nd3+ 31. Kf1 Rxf3+ 0-1

[Event "Berlin Lichtenberger op 8th"]
[Site "Berlin"]
[Date "2009.08.22"]
[Round "8"]
[White "Bockelmann, Rolf"]
[Black "Baranowsky, Peter"]
[Result "0-1"]
[WhiteElo "1824"]
[BlackElo "1935"]
[PlyCount "78"]
[EventDate "2009.08.15"]
[EventType "swiss"]
[EventRounds "9"]
[EventCountry "GER"]
[SourceTitle "CBM 131 Extra"]
[Source "ChessBase"]
[SourceDate "2009.09.03"]
[SourceVersion "2"]
[SourceVersionDate "2009.09.16"]
[SourceQuality "1"]

1. e4 d6 2. d4 c6 3. f4 g6 4. Nc3 Bg7 5. Nf3 Qc7 6. Bc4 b5 7. Bd3 Bb7 8. 0-0 Nd7 9. Qe2 a6 10. e5 c5 11. Be4 cxd4 12. Bxb7 Qxb7 13. Nxd4 dxe5 14. fxe5 Nxe5 15. Be3 Nc4 16. Qf2 Nf6 17. Bc1 0-0 18. h3 Rad8 19. Nce2 Ne4 20. Qf3 Rxd4 21. Nxd4 Bxd4+ 22. Kh1 Be5 23. Bf4 Bxf4 24. Qxf4 e5 25. Qh4 h5 26. Kh2 Ncd2 27. Rfe1 Kg7 28. Re3 Kh6 29. Rd1 f5 30. Rd3 f4 31. R3xd2 Nxd2 32. Rxd2 e4 33. Qe1 e3 34. Rd3 Qc7 35. Qb4 f3+ 36. g3 Qf7 37. Rxe3 f2 38. Re7 f1N+ 39. Kg1 Qf2+ 0-1

[Event "Berlin Lichtenberger op 8th"]
[Site "Berlin"]
[Date "2009.08.21"]
[Round "7"]
[White "Lischeid, Kilian"]
[Black "Bockelmann, Rolf"]
[Result "0-1"]
[WhiteElo "879"]
[BlackElo "1824"]
[PlyCount "78"]
[EventDate "2009.08.15"]
[EventType "swiss"]
[EventRounds "9"]
[EventCountry "GER"]
[SourceTitle "CBM 131 Extra"]
[Source "ChessBase"]
[SourceDate "2009.09.03"]
[SourceVersion "2"]
[SourceVersionDate "2009.09.16"]
[SourceQuality "1"]

1. e4 e5 2. Nf3 Nc6 3. Bc4 Nf6 4. Nc3 Nxe4 5. Nxe4 d5 6. Qe2 dxc4 7. Qxc4 Be6 8. Qa4 Bd5 9. d3 Bd6 10. Be3 0-0 11. 0-0-0 Nb4 12. c4 Nxd3+ 13. Rxd3 Bxe4 14. Rd2 Qe7 15. c5 Bc6 16. cxd6 cxd6 17. Qb4 Rac8 18. Kd1 Rfd8 19. Bxa7 Ra8 20. Bb6 Rd7 21. a3 Qe6 22. Re1 Qf5 23. Re3 Ra4 24. Qc3 Ra6 25. Ba5 Qb1+ 26. Ke2 Bb5+ 27. Red3 h6 28. Rd1 Bxd3+ 29. Rxd3 Rc6 30. Qd2 e4 31. Re3 Rc2 32. Nd4 Rxd2+ 33. Bxd2 Qxb2 34. Rxe4 Qxa3 35. Nb5 Qa6 36. Rb4 Re7+ 37. Kd1 Re5 38. Nc7 Qa1+ 39. Kc2 Rc5+ 0-1

[Event "Berlin Lichtenberger op 8th"]
[Site "Berlin"]
[Date "2009.08.15"]
[Round "1"]
[White "Meissner, Hans Juergen"]
[Black "Bockelmann, Rolf"]
[Result "1-0"]
[WhiteElo "2213"]
[BlackElo "1824"]
[PlyCount "115"]
[EventDate "2009.08.15"]
[EventType "swiss"]
[EventRounds "9"]
[EventCountry "GER"]
[SourceTitle "CBM 131 Extra"]
[Source "ChessBase"]
[SourceDate "2009.09.03"]
[SourceVersion "2"]
[SourceVersionDate "2009.09.16"]
[SourceQuality "1"]

1. e4 e5 2. Nf3 Nc6 3. Bb5 f5 4. d3 fxe4 5. dxe4 Nf6 6. Qd3 Be7 7. Nc3 0-0 8. Bxc6 dxc6 9. Qxd8 Bxd8 10. Nxe5 Re8 11. f4 Ng4 12. Nxg4 Bxg4 13. 0-0 Bf6 14. e5 Be7 15. Be3 Bf5 16. Rac1 Rad8 17. a3 a5 18. Ne2 b5 19. Nd4 Be4 20. Nb3 a4 21. Nc5 Bxc5 22. Bxc5 Rd2 23. Rf2 Red8 24. Bb4 Rd1+ 25. Rf1 Rxf1+ 26. Kxf1 Kf7 27. Kf2 h5 28. g3 g6 29. c4 Rd7 30. cxb5 cxb5 31. Rc5 c6 32. Ke3 Bd5 33. Rc2 Ke6 34. Bd6 Rf7 35. Rf2 Rf5 36. h3 Rf7 37. g4 hxg4 38. hxg4 Bb3 39. Kf3 Rh7 40. Kg3 Rf7 41. Kh4 Bd5 42. Kg5 Be4 43. Rh2 Rg7 44. Rh8 Kf7 45. Bb4 Ke6 46. Rf8 Rf7 47. Rxf7 Kxf7 48. f5 gxf5 49. gxf5 Bd5 50. Kf4 Bb3 51. e6+ Kf6 52. Bc3+ Ke7 53. Ke5 c5 54. Be1 Ba2 55. Bf2 c4 56. Bc5+ Ke8 57. f6 c3 58. f7+ 1-0

[Event "GER Seniors Derby 08th"]
[Site "Wesel Undeloh"]
[Date "2009.04.18"]
[Round "5.15"]
[White "Schumann, Wolfgang"]
[Black "Bockelmann, Rolf"]
[Result "0-1"]
[WhiteElo "1558"]
[BlackElo "1690"]
[PlyCount "44"]
[EventDate "2009.04.16"]
[EventType "swiss"]
[EventRounds "7"]
[EventCountry "GER"]
[SourceTitle "EXT 2022"]
[Source "ChessBase"]
[SourceDate "2021.10.06"]
[SourceVersion "1"]
[SourceVersionDate "2021.10.06"]
[SourceQuality "1"]

1. e4 e5 2. Nf3 Nc6 3. d4 exd4 4. Nxd4 Bc5 5. Be3 Qf6 6. c3 Nge7 7. Be2 d6 8. 0-0 Qg6 9. Nxc6 Nxc6 10. Bxc5 dxc5 11. Bb5 Bd7 12. Qe2 0-0-0 13. Na3 Bh3 14. Qf3 Bd7 15. Rad1 Rde8 16. Rfe1 Bg4 17. Qe3 Bxd1 18. Rxd1 Rxe4 19. Qxc5 Rhe8 20. Nc2 R4e5 21. Rd5 Rxd5 22. Qxd5 Qxc2 0-1

[Event "Berlin Lichtenberger op 7th"]
[Site "Berlin"]
[Date "2008.08.24"]
[Round "9"]
[White "Bockelmann, Rolf"]
[Black "Bauer, Stefan"]
[Result "1-0"]
[WhiteElo "1796"]
[BlackElo "1816"]
[PlyCount "117"]
[EventDate "2008.08.16"]
[EventType "swiss"]
[EventRounds "9"]
[EventCountry "GER"]
[SourceTitle "CBM 126 Extra"]
[Source "ChessBase"]
[SourceDate "2008.11.05"]
[SourceVersion "1"]
[SourceVersionDate "2008.11.05"]
[SourceQuality "1"]

1. e4 e5 2. Nf3 Nc6 3. Bc4 Bc5 4. c3 Nf6 5. d4 exd4 6. cxd4 Bb4+ 7. Nc3 Nxe4 8. 0-0 Bxc3 9. bxc3 d5 10. Re1 0-0 11. Bd3 f5 12. Qc2 Be6 13. Bf4 Rc8 14. Rac1 Bf7 15. Qb3 Na5 16. Qa4 c6 17. Ne5 b5 18. Qb4 Be8 19. f3 g5 20. fxe4 gxf4 21. exf5 Nc4 22. Ng4 Qg5 23. Be2 Rc7 24. f6 h5 25. h4 Qg6 26. Ne5 Qxf6 27. Bxc4 bxc4 28. Nf3 Rg7 29. Ng5 Bd7 30. Re5 Bg4 31. Rce1 f3 32. gxf3 Bxf3 33. Qxf8+ Qxf8 34. Re8 Rxg5+ 35. hxg5 Be4 36. Rxf8+ Kxf8 37. Kh2 Kg7 38. Kg3 Kg6 39. Kf4 a6 40. Re2 a5 41. a3 a4 42. Rb2 Bf5 43. Rb6 Bd7 44. Rb7 Be8 45. Re7 Bf7 46. Rd7 Be8 47. Rd6+ Kg7 48. Kg3 Kf7 49. Kh4 Kg7 50. Rd8 Bf7 51. Rc8 Be6 52. Rxc6 Bg4 53. Ra6 Bd1 54. Ra5 Bf3 55. Rxa4 Kg6 56. Ra6+ Kg7 57. a4 Bg4 58. a5 Bc8 59. Rc6 1-0

[Event "Berlin Lichtenberger op 7th"]
[Site "Berlin"]
[Date "2008.08.23"]
[Round "8"]
[White "Poeltelt, Helmut"]
[Black "Bockelmann, Rolf"]
[Result "1-0"]
[WhiteElo "1545"]
[BlackElo "1796"]
[PlyCount "165"]
[EventDate "2008.08.16"]
[EventType "swiss"]
[EventRounds "9"]
[EventCountry "GER"]
[SourceTitle "CBM 126 Extra"]
[Source "ChessBase"]
[SourceDate "2008.11.05"]
[SourceVersion "1"]
[SourceVersionDate "2008.11.05"]
[SourceQuality "1"]

1. e4 e5 2. Nf3 Nc6 3. Bb5 f5 4. Nc3 fxe4 5. Nxe4 d5 6. Nxe5 dxe4 7. Nxc6 Qg5 8. Nd4+ c6 9. Bf1 Nf6 10. d3 Qe5 11. dxe4 Bg4 12. Nf3 Qa5+ 13. c3 Be7 14. Qc2 0-0-0 15. b4 Qh5 16. Be2 Rhe8 17. Ng5 h6 18. Ne6 Bxe2 19. Nxd8 Bxd8 20. Qxe2 Rxe4 21. Be3 Qe8 22. 0-0-0 Nd5 23. Qd3 a6 24. Rhe1 Bg5 25. a3 b5 26. Kc2 Bxe3 27. fxe3 Rxe3 28. Rxe3 Nxe3+ 29. Kd2 Nxd1 30. Kxd1 Qh5+ 31. Qf3 Qg6 32. Kc1 Kb7 33. g3 Qe6 34. Qf2 Qc4 35. Qd2 Qf1+ 36. Kb2 Qf8 37. Qe2 Qf6 38. Qd2 Qe6 39. Qf2 g5 40. Qc2 Qf7 41. Qd2 Kc7 42. Qe2 Qf6 43. Qe3 Kb7 44. Qd2 Qe6 45. Qf2 Qd5 46. Qe2 Kc7 47. Qe7+ Qd7 48. Qxd7+ Kxd7 49. c4 bxc4 50. Kc3 Ke6 51. Kxc4 Kf5 52. Kc5 Kg4 53. Kxc6 Kh3 54. Kb6 Kxh2 55. Kxa6 Kxg3 56. b5 g4 57. b6 Kf2 58. b7 g3 59. b8Q g2 60. Qf4+ Ke1 61. Qg3+ Kf1 62. Qf3+ Kg1 63. Kb5 Kh2 64. Qh5+ Kg3 65. Qxh6 g1Q 66. Qg5+ Kh2 67. Qxg1+ Kxg1 68. a4 Kf2 69. a5 Ke3 70. a6 Kd4 71. a7 Kd5 72. a8Q+ Ke5 73. Qd8 Ke6 74. Kc5 Kf5 75. Kd4 Ke6 76. Kc5 Kf5 77. Qe8 Kf6 78. Kd5 Kf5 79. Qf8+ Kg4 80. Ke5 Kg3 81. Ke4 Kg4 82. Qg8+ Kh5 83. Kf5 1-0

[Event "Berlin Lichtenberger op 7th"]
[Site "Berlin"]
[Date "2008.08.18"]
[Round "3"]
[White "Bockelmann, Rolf"]
[Black "Berendsen, Markus"]
[Result "0-1"]
[WhiteElo "1796"]
[BlackElo "2123"]
[PlyCount "78"]
[EventDate "2008.08.16"]
[EventType "swiss"]
[EventRounds "9"]
[EventCountry "GER"]
[SourceTitle "CBM 126 Extra"]
[Source "ChessBase"]
[SourceDate "2008.11.05"]
[SourceVersion "1"]
[SourceVersionDate "2008.11.05"]
[SourceQuality "1"]

1. e4 g6 2. d4 Bg7 3. Nc3 c5 4. Be3 Qa5 5. Nge2 Nf6 6. dxc5 Nxe4 7. Bd4 Nf6 8. a3 Nc6 9. b4 Qd8 10. Be3 0-0 11. Nd4 d5 12. Be2 e5 13. Nxc6 bxc6 14. Bg5 h6 15. Bxf6 Bxf6 16. 0-0 Bg7 17. Rb1 f5 18. Rb3 Be6 19. Nb1 g5 20. f3 Qd7 21. b5 cxb5 22. Bxb5 Qc7 23. c6 Rab8 24. Ba4 Qa5 25. Rxb8 Rxb8 26. c3 Qc5+ 27. Kh1 Bf6 28. h3 Kg7 29. Qc2 Bd8 30. Rc1 Bc7 31. Qa2 e4 32. fxe4 Qd6 33. g4 dxe4 34. c4 fxg4 35. Qa1+ Kh7 36. Qa2 Qd4 37. Rd1 Qe3 38. hxg4 Qh3+ 39. Kg1 Bb6+ 0-1

[Event "Berlin op 09"]
[Site "Berlin"]
[Date "2005.10.10"]
[Round "5"]
[White "Bockelmann, Rolf"]
[Black "Berg, Gerd"]
[Result "1-0"]
[WhiteElo "1648"]
[BlackElo "1435"]
[PlyCount "57"]
[EventDate "2005.09.05"]
[EventType "swiss"]
[EventRounds "7"]
[EventCountry "GER"]
[SourceTitle "EXT 2007"]
[Source "ChessBase"]
[SourceDate "2006.11.23"]
[SourceVersion "1"]
[SourceVersionDate "2006.11.23"]
[SourceQuality "1"]

1. e4 c5 2. Nf3 d6 3. d4 cxd4 4. c3 dxc3 5. Nxc3 e6 6. Bc4 Nc6 7. 0-0 Be7 8. Bf4 Nf6 9. e5 dxe5 10. Nxe5 0-0 11. Nxc6 bxc6 12. Qf3 Bd7 13. Rad1 Qc8 14. Be5 c5 15. Qh3 Bc6 16. Bd3 g6 17. Qh4 Kg7 18. Be4 Qb7 19. Bxc6 Qxc6 20. Ne4 Qa4 21. Bxf6+ Bxf6 22. Qxf6+ Kg8 23. Qe5 Rfd8 24. Nf6+ Kg7 25. Rxd8 Rxd8 26. Ng4+ Kf8 27. Qxc5+ Kg7 28. Qg5 Rd1 29. Qh6+ 1-0

[Event "Berlin op 09"]
[Site "Berlin"]
[Date "2004.10.04"]
[Round "5"]
[White "Haseloff, Harald"]
[Black "Bockelmann, Rolf"]
[Result "1-0"]
[WhiteElo "1985"]
[BlackElo "1639"]
[PlyCount "120"]
[EventDate "2004.09.06"]
[EventType "swiss"]
[EventRounds "7"]
[EventCountry "GER"]
[SourceTitle "EXT 2007"]
[Source "ChessBase"]
[SourceDate "2006.11.23"]
[SourceVersion "1"]
[SourceVersionDate "2006.11.23"]
[SourceQuality "1"]

1. e4 e5 2. Nf3 Nc6 3. c3 d5 4. Qa4 dxe4 5. Nxe5 Qd6 6. Bb5 Nge7 7. Qxe4 Be6 8. Nxc6 Nxc6 9. d4 0-0-0 10. Bf4 Qd7 11. 0-0 Bd5 12. Qc2 Qg4 13. Bg3 Qg5 14. f4 Qg4 15. Be2 Qe6 16. Bd3 Kb8 17. Nd2 Qh6 18. a3 Bd6 19. Ne4 Be7 20. Rae1 Rhe8 21. Nf2 g5 22. f5 Qg7 23. Ng4 f6 24. Ne3 Bf7 25. Bb5 Bd6 26. d5 Rxe3 27. Bxd6 Rxe1 28. Rxe1 Rxd6 29. dxc6 a6 30. Ba4 b5 31. Bb3 Qf8 32. Bxf7 Qxf7 33. Qe4 h5 34. Kf2 Qb3 35. Re2 h4 36. h3 Qd1 37. Qe8+ Ka7 38. Qe3+ Kb8 39. Qc5 Qd3 40. Re8+ Rd8 41. Rxd8+ Qxd8 42. Qd4 Qe7 43. Qd7 Qc5+ 44. Kf3 Qe5 45. Qd8+ Ka7 46. Qd4+ Qxd4 47. cxd4 Kb6 48. d5 Kc5 49. Ke4 a5 50. b4+ axb4 51. axb4+ Kd6 52. Kd4 Ke7 53. Kc5 Kd8 54. Kxb5 Ke8 55. Kc5 Ke7 56. b5 Kd8 57. d6 Kc8 58. d7+ Kd8 59. Kb4 Ke7 60. Ka5 Kd8 1-0

[Event "Berlin op 09"]
[Site "Berlin"]
[Date "2004.09.20"]
[Round "3"]
[White "Lang, Andreas"]
[Black "Bockelmann, Rolf"]
[Result "1/2-1/2"]
[WhiteElo "1911"]
[BlackElo "1639"]
[PlyCount "46"]
[EventDate "2004.09.06"]
[EventType "swiss"]
[EventRounds "7"]
[EventCountry "GER"]
[SourceTitle "EXT 2007"]
[Source "ChessBase"]
[SourceDate "2006.11.23"]
[SourceVersion "1"]
[SourceVersionDate "2006.11.23"]
[SourceQuality "1"]

1. e4 e5 2. Nf3 Nc6 3. Bb5 f5 4. Nc3 fxe4 5. Nxe4 d5 6. Nxe5 dxe4 7. Nxc6 Qg5 8. Qe2 Nf6 9. f4 Qd5 10. Nxa7+ Bd7 11. Bxd7+ Qxd7 12. Nb5 Be7 13. Qc4 c6 14. Nd4 Nd5 15. 0-0 0-0 16. d3 exd3 17. cxd3 Kh8 18. f5 Nb6 19. Qe6 Qxd4+ 20. Be3 Qb4 21. a3 Qb5 22. Qxe7 Nd5 23. Qc5 Qxd3 1/2-1/2

[Event "Berlin Lichtenberger Sommer 3th"]
[Site "Berlin"]
[Date "2004.08.17"]
[Round "4.79"]
[White "Schildt, Rene"]
[Black "Bockelmann, Rolf"]
[Result "0-1"]
[WhiteElo "1386"]
[BlackElo "1624"]
[PlyCount "80"]
[EventDate "2004.08.14"]
[EventType "swiss"]
[EventRounds "9"]
[EventCountry "GER"]
[SourceTitle "EXT 2022"]
[Source "ChessBase"]
[SourceDate "2021.10.06"]
[SourceVersion "1"]
[SourceVersionDate "2021.10.06"]
[SourceQuality "1"]

1. e4 e5 2. f4 Bc5 3. Nf3 d6 4. c3 Nc6 5. fxe5 dxe5 6. Bb5 Bg4 7. Qa4 Qf6 8. Bxc6+ bxc6 9. d4 Bxf3 10. 0-0 exd4 11. Rxf3 dxc3+ 12. Kh1 Qd6 13. Nxc3 Ne7 14. Bf4 Qe6 15. Bxc7 0-0 16. Raf1 Rac8 17. Bg3 Rfd8 18. e5 Bb6 19. Qc2 Qc4 20. b3 Qc5 21. Qb1 Qd4 22. Ne4 Ng6 23. Ng5 Qg4 24. Nxf7 Rd7 25. h3 Qh5 26. e6 Rd5 27. e7 Re8 28. Bd6 Nxe7 29. g4 Qh4 30. Bf4 Ng6 31. Bc1 Re1 32. Kg2 Rdd1 33. Qf5 Re2+ 34. R1f2 Rxf2+ 35. Rxf2 Qxf2+ 36. Qxf2 Bxf2 37. Kxf2 Rxc1 38. Nd8 Rc2+ 39. Ke3 Ne7 40. Kd4 Rd2+ 0-1